[Event "Ukrainian Championship Club's Teams"]
[Site "Alushta"]
[Date "2008.05.21"]
[Round "1.2"]
[White "Nosenko, Alexander"]
[Black "Gusev, Dmitriy"]
[Result "1-0"]
[WhiteElo "2496"]
[BlackElo "2103"]
[PlyCount "55"]
[EventDate "2008.05.21"]

1. d4 Nf6 2. Nf3 g6 3. Bf4 Bg7 4. e3 O-O 5. h3 d6 6. Be2 b6 7. O-O Nbd7 8. a4
Re8 9. c3 Ne4 10. a5 Bb7 11. a6 Bc8 12. Bb5 Rb8 13. Qc2 Nef6 14. Rd1 Rf8 15. c4
c5 16. Nc3 Ne8 17. Qa4 Nc7 18. b4 h6 19. Rab1 g5 20. Bh2 f5 21. bxc5 bxc5 22.
Qa2 Kh8 23. Qa3 g4 24. hxg4 fxg4 25. Nh4 Kg8 26. Ng6 Rf6 27. Nf4 Qf8 28. Ne4
1-0

[Event "Ukrainian Championship Club's Teams"]
[Site "Alushta"]
[Date "2008.05.21"]
[Round "1.2"]
[White "Kolesov, Eugeny"]
[Black "Seletsky, Grigory"]
[Result "0-1"]
[WhiteElo "2002"]
[BlackElo "2310"]
[PlyCount "58"]
[EventDate "2008.05.21"]

1. d4 c5 2. d5 e5 3. c4 d6 4. Nc3 Be7 5. e4 Bg5 6. Nf3 Bxc1 7. Qxc1 Ne7 8. Be2
O-O 9. Qg5 f5 10. exf5 Bxf5 11. Nd2 Nd7 12. g4 Bc2 13. Rc1 h6 14. Qh4 Bh7 15.
Nde4 Nf6 16. Nxf6+ Rxf6 17. Qg3 Qb6 18. b3 Raf8 19. O-O Ng6 20. Ne4 R6f7 21.
Qe3 Nf4 22. Bd1 Bxe4 23. Qxe4 Nh3+ 24. Kg2 Nxf2 25. Qg6 Rf6 26. Qh5 Nxd1 27.
Rcxd1 Qa5 28. a4 Rxf1 29. Rxf1 Qd2+ 0-1

[Event "Ukrainian Championship Club's Teams"]
[Site "Alushta"]
[Date "2008.05.21"]
[Round "1.2"]
[White "Baleev, Konstantin"]
[Black "Majboroda, Evgenija"]
[Result "1-0"]
[WhiteElo "2312"]
[BlackElo "2029"]
[PlyCount "47"]
[EventDate "2008.05.21"]

1. e4 Nf6 2. Nc3 d5 3. exd5 Nxd5 4. Bc4 e6 5. Qf3 Nb6 6. Bb3 Nc6 7. Nge2 Na5 8.
d4 Bd7 9. Bf4 c5 10. dxc5 Bxc5 11. Qg3 O-O 12. O-O-O Nxb3+ 13. axb3 f6 14. Bd6
Bxd6 15. Qxd6 Qe8 16. Nf4 Qf7 17. Rhe1 Rfe8 18. f3 Rac8 19. Qa3 e5 20. Qxa7 Rc6
21. Qxb7 exf4 22. Rxe8+ Qxe8 23. Ne4 Nc8 24. Qxd7 1-0

[Event "Ukrainian Championship Club's Teams"]
[Site "Alushta"]
[Date "2008.05.21"]
[Round "1.3"]
[White "Romanchuk, Viktor"]
[Black "Pavlov, Maxim"]
[Result "1/2-1/2"]
[WhiteElo "2295"]
[BlackElo "2342"]
[PlyCount "46"]
[EventDate "2008.05.21"]

1. d4 Nf6 2. c4 e6 3. Nc3 c5 4. Nf3 cxd4 5. Nxd4 a6 6. a3 Qc7 7. e4 b6 8. Be3
Bb7 9. Bd3 Nc6 10. Nxc6 Bxc6 11. O-O d6 12. Rc1 Qb7 13. f3 Be7 14. b4 O-O 15.
Qd2 Rfc8 16. Rfd1 b5 17. Qe2 bxc4 18. Bxc4 Rd8 19. Bf2 d5 20. exd5 Nxd5 21.
Nxd5 Bxd5 22. Bxd5 Rxd5 23. Rxd5 Qxd5 $11 1/2-1/2

[Event "Ukrainian Championship Club's Teams"]
[Site "Alushta"]
[Date "2008.05.22"]
[Round "2.1"]
[White "Ivanov, Oleg V"]
[Black "Borovikov, Vladislav"]
[Result "1/2-1/2"]
[WhiteElo "2475"]
[BlackElo "2587"]
[PlyCount "58"]
[EventDate "2008.05.21"]

1. e4 c5 2. Nf3 d6 3. d4 cxd4 4. Nxd4 Nf6 5. Nc3 a6 6. Be3 e5 7. Nb3 Be6 8. f4
exf4 9. Bxf4 Nc6 10. Qe2 Rc8 11. h3 g6 12. g4 h5 13. g5 Nd7 14. O-O-O Be7 15.
Rg1 Nce5 16. Nd5 Bxd5 17. Rxd5 O-O 18. h4 Nb6 19. Rd1 Qc7 20. Bh3 Rb8 21. Rg3
Rbd8 22. Rc3 Qb8 23. Kb1 Na4 24. Rg3 b5 25. Nd4 Qb7 26. Nf5 Nc5 27. Bg2 Ne6 28.
Bc1 Rfe8 29. Nxe7+ Qxe7 $11 1/2-1/2

[Event "Ukrainian Championship Club's Teams"]
[Site "Alushta"]
[Date "2008.05.22"]
[Round "2.2"]
[White "Vovk, Yuri"]
[Black "Stoockalov, Vladimir L"]
[Result "1-0"]
[WhiteElo "2549"]
[BlackElo "2295"]
[PlyCount "43"]
[EventDate "2008.05.21"]

1. d4 Nf6 2. c4 g6 3. Nc3 d6 4. e4 Bg7 5. f4 O-O 6. Nf3 Na6 7. Be2 e5 8. dxe5
dxe5 9. Nxe5 Nc5 10. Bf3 Qxd1+ 11. Kxd1 Rd8+ 12. Kc2 Nfxe4 13. Nxe4 Bf5 14. Re1
Rd4 15. Be3 Rxe4 16. Bxe4 Bxe4+ 17. Kd2 Nd3 18. Nxd3 Rd8 19. Rad1 Rxd3+ 20. Kc1
Rxd1+ 21. Rxd1 Bf6 22. g3 1-0

[Event "Ukrainian Championship Club's Teams"]
[Site "Alushta"]
[Date "2008.05.22"]
[Round "2.2"]
[White "Nosov, Maxim"]
[Black "Melkumyan, Hrant"]
[Result "0-1"]
[WhiteElo "2183"]
[BlackElo "2534"]
[PlyCount "126"]
[EventDate "2008.05.21"]

1. e4 e5 2. Nf3 Nc6 3. Bc4 Bc5 4. d3 Nf6 5. c3 a6 6. O-O Ba7 7. Be3 d6 8. Bb3
O-O 9. Nbd2 Ne7 10. Bxa7 Rxa7 11. d4 Ng6 12. Re1 Ra8 13. Nc4 Qe7 14. Ne3 Nd7
15. Qd2 Nb6 16. Rad1 Qf6 17. a4 a5 18. Bc2 Nf4 19. g3 Nh5 20. Qe2 g6 21. Rd2
Re8 22. Red1 Bh3 23. Kh1 Re7 24. dxe5 dxe5 25. Ng1 Bd7 26. b3 Ng7 27. f3 h5 28.
Kg2 h4 29. Nh3 Qc6 30. Rd3 Bxh3+ 31. Kxh3 hxg3 32. hxg3 Nh5 33. Rd8+ Rxd8 34.
Rxd8+ Kg7 35. Qd2 Rd7 36. Rxd7 Nxd7 37. Kg2 Nhf6 38. Bd3 Nc5 39. Bc4 Qb6 40.
Nd5 Qd6 41. Qc2 Nxd5 42. Bxd5 c6 43. Bc4 Nd7 44. Qd3 Qe7 45. Qd2 Nc5 46. Qd1
Nd7 47. Qd2 Nf6 48. b4 Qc7 49. Bb3 Nd7 50. Qd3 Nf6 51. Kh2 Nh5 52. Kg2 Qe7 53.
Qc4 b5 54. axb5 cxb5 55. Qd5 a4 56. Ba2 a3 57. Qd2 Qc7 58. Qd5 Nf6 59. Qb3 Qd7
60. Kh2 Qd2+ 61. Kh3 Nh7 62. Qxf7+ Kh6 63. Kg4 Qh2 0-1

[Event "Ukrainian Championship Club's Teams"]
[Site "Alushta"]
[Date "2008.05.22"]
[Round "2.2"]
[White "Gusev, Dmitriy"]
[Black "Zherebukh, Yaroslav"]
[Result "0-1"]
[WhiteElo "2103"]
[BlackElo "2446"]
[PlyCount "58"]
[EventDate "2008.05.21"]

1. e4 c5 2. Nf3 d6 3. d4 Nf6 4. Nc3 cxd4 5. Nxd4 a6 6. Be3 Nc6 7. f3 e6 8. Qd2
Be7 9. g4 Qc7 10. O-O-O O-O 11. h4 Nxd4 12. Bxd4 b5 13. Kb1 b4 14. Ne2 e5 15.
Be3 Be6 16. Ng3 Rfc8 17. g5 Nd7 18. Nf5 Bf8 19. h5 d5 20. g6 hxg6 21. hxg6 fxg6
22. Bd3 d4 23. Bg5 Nc5 24. Qh2 Kf7 25. Qh7 Nxd3 26. Nh6+ Ke8 27. Qxg6+ Kd7 28.
cxd3 Qa5 29. b3 Rc2 0-1

[Event "Ukrainian Championship Club's Teams"]
[Site "Alushta"]
[Date "2008.05.22"]
[Round "2.2"]
[White "Grekh, Andrey"]
[Black "Kolesov, Eugeny"]
[Result "1-0"]
[WhiteElo "2397"]
[BlackElo "2002"]
[PlyCount "73"]
[EventDate "2008.05.21"]

1. e4 c5 2. Nf3 d6 3. d4 cxd4 4. Nxd4 Nf6 5. Nc3 a6 6. Bc4 e5 7. Nf3 h6 8. O-O
Be7 9. Re1 Nc6 10. h3 O-O 11. Be3 Be6 12. Nd5 Rc8 13. Bb6 Qd7 14. c3 Nd8 15.
Qb3 Nxd5 16. exd5 Bxh3 17. gxh3 Qxh3 18. Nh2 Bg5 19. Bf1 Qh4 20. Be3 f5 21.
Bxg5 hxg5 22. Qb4 g4 23. Qxd6 g3 24. fxg3 Qxg3+ 25. Bg2 Nf7 26. Qb6 Ng5 27. Qe3
Nh3+ 28. Kf1 f4 29. Qxg3 fxg3+ 30. Nf3 Ng5 31. Ke2 Nf7 32. Bh3 e4 33. Nd2 Ng5
34. Bxc8 Rxc8 35. Rg1 e3 36. Kxe3 Re8+ 37. Kd3 1-0

[Event "Ukrainian Championship Club's Teams"]
[Site "Alushta"]
[Date "2008.05.22"]
[Round "2.2"]
[White "Majboroda, Evgenija"]
[Black "Chulivska, Vita"]
[Result "1/2-1/2"]
[WhiteElo "2029"]
[BlackElo "2267"]
[PlyCount "60"]
[EventDate "2008.05.21"]

1. d4 Nf6 2. c4 e6 3. Nf3 d5 4. Nc3 Be7 5. Bg5 O-O 6. e3 b6 7. Bd3 dxc4 8. Bxc4
Bb7 9. O-O Nbd7 10. Qe2 h6 11. Bh4 Ne4 12. Bxe7 Qxe7 13. Nxe4 Bxe4 14. Rfd1
Rfd8 15. Nd2 Bb7 16. Rac1 c5 17. Nb3 Rac8 18. dxc5 Nxc5 19. Rxd8+ Rxd8 20. Rd1
Rxd1+ 21. Qxd1 Qg5 22. Bf1 Nxb3 23. Qxb3 Qa5 24. a3 Qe1 25. Qd3 Bd5 26. h3 Qc1
27. Qb5 f5 28. Kh2 Qc7+ 29. Kg1 Qc1 30. Kh2 Qc7+ 1/2-1/2

[Event "Ukrainian Championship Club's Teams"]
[Site "Alushta"]
[Date "2008.05.22"]
[Round "2.3"]
[White "Seletsky, Grigory"]
[Black "Voronov, Yuri"]
[Result "1/2-1/2"]
[WhiteElo "2310"]
[BlackElo "2218"]
[PlyCount "89"]
[EventDate "2008.05.21"]

1. d4 Nf6 2. Nf3 g6 3. c3 Bg7 4. Bf4 O-O 5. e3 d6 6. h3 Nbd7 7. Be2 Qe8 8. O-O
e5 9. Bh2 Qe7 10. a4 e4 11. Nfd2 Re8 12. a5 a6 13. b4 Nf8 14. Nb3 h5 15. c4
N8h7 16. Nc3 Ng5 17. Kh1 Qe6 18. b5 Bh6 19. c5 Nxh3 20. gxh3 Qxh3 21. Rg1 Be6
22. b6 cxb6 23. axb6 Bf4 24. exf4 Qxc3 25. Rg3 e3 26. Rxe3 Bd5+ 27. Bf3 Rxe3
28. fxe3 Ne4 29. Qe2 Qxb3 30. Rg1 Re8 31. f5 g5 32. cxd6 g4 33. Be5 f6 34. Kh2
Kf7 35. Qg2 Qxe3 36. d7 Rd8 37. Bxe4 Bxe4 38. Qa2+ Kg7 39. Bxf6+ Kxf6 40. Qe6+
Kg5 41. Qe7+ Kf4 42. Qe5+ Kg5 43. Qe7+ Kf4 44. Qe5+ Kg5 45. Qe7+ $11 1/2-1/2

[Event "Ukrainian Championship Club's Teams"]
[Site "Alushta"]
[Date "2008.05.22"]
[Round "2.4"]
[White "Miroshnichenko, Evgenij"]
[Black "Sergeev, Vitalij"]
[Result "1-0"]
[WhiteElo "2642"]
[BlackElo "2111"]
[PlyCount "59"]
[EventDate "2008.05.21"]

1. d4 Nf6 2. c4 g6 3. Nc3 Bg7 4. e4 d6 5. h3 O-O 6. Nf3 e5 7. d5 a5 8. Bg5 Na6
9. Be2 Nc5 10. Nd2 h6 11. Be3 Bd7 12. g4 Ne8 13. Rg1 Kh8 14. Nf1 Kh7 15. h4 Bf6
16. Qd2 Bxh4 17. Bxh6 Rh8 18. Be3 Nf6 19. Qc2 Qc8 20. Nh2 Kg7 21. Rg2 Nh7 22.
Nf3 Be7 23. g5 Nf8 24. O-O-O b6 25. Rdg1 Bh3 26. Rg3 Nfd7 27. Nd4 exd4 28.
Bxd4+ Ne5 29. f4 Ncd7 30. Rh1 1-0

[Event "Ukrainian Championship Club's Teams"]
[Site "Alushta"]
[Date "2008.05.23"]
[Round "3.1"]
[White "Tichonov, Jiri"]
[Black "Iljin, Timofey"]
[Result "0-1"]
[WhiteElo "2156"]
[BlackElo "2440"]
[PlyCount "78"]
[EventDate "2008.05.21"]

1. e4 c5 2. Nf3 Nc6 3. d4 cxd4 4. Nxd4 Nf6 5. Nc3 e5 6. Ndb5 d6 7. Bg5 a6 8.
Na3 b5 9. Nd5 Be7 10. Bxf6 Bxf6 11. c3 Bg5 12. Nc2 Ne7 13. Nce3 Bxe3 14. Nxe3
O-O 15. Bd3 Bb7 16. Bc2 Qc7 17. O-O Rad8 18. Qh5 g6 19. Qh6 f5 20. exf5 Nxf5
21. Nxf5 gxf5 22. Qe6+ Kg7 23. Qb3 Rf6 24. f3 Kh8 25. Rf2 Rg8 26. Rd1 Qb6 27.
Kf1 Qe3 28. c4 Qf4 29. cxb5 Qxh2 30. bxa6 Bxa6+ 31. Bd3 Bxd3+ 32. Qxd3 Qf4 33.
b3 Rh6 34. Ke2 Rhg6 35. Rg1 Ra8 36. a4 Qb4 37. Rc1 Rag8 38. Kf1 Qh4 39. Rc7
Rxg2 {time with zero} 0-1

[Event "Ukrainian Championship Club's Teams"]
[Site "Alushta"]
[Date "2008.05.23"]
[Round "3.1"]
[White "Dmitrenko, Viktor"]
[Black "Gusev, Dmitriy"]
[Result "1-0"]
[WhiteElo "2352"]
[BlackElo "2103"]
[PlyCount "59"]
[EventDate "2008.05.21"]

1. e4 e5 2. Nf3 Nc6 3. Bb5 a6 4. Bxc6 dxc6 5. Nc3 Bd6 6. h3 Nf6 7. d4 Qe7 8.
O-O O-O 9. dxe5 Bxe5 10. Nxe5 Qxe5 11. f4 Qc5+ 12. Kh1 Re8 13. Qf3 Qc4 14. b3
Qc5 15. Bb2 Qh5 16. Qd3 Qh4 17. f5 Nd7 18. Rad1 Ne5 19. Qd4 f6 20. Ne2 b6 21.
Nf4 Bb7 22. Ne6 c5 23. Qe3 Rxe6 24. fxe6 Ng6 25. Rd7 Re8 26. e5 Rxe6 27. exf6
Rxe3 28. f7+ Kf8 29. Bxg7+ Kxg7 30. f8=Q# 1-0

[Event "Ukrainian Championship Club's Teams"]
[Site "Alushta"]
[Date "2008.05.23"]
[Round "3.1"]
[White "Kolesov, Eugeny"]
[Black "Kononenko, Dmitry 2"]
[Result "0-1"]
[WhiteElo "2002"]
[BlackElo "2210"]
[PlyCount "98"]
[EventDate "2008.05.21"]

1. d4 Nf6 2. c4 e6 3. Nf3 b6 4. Nc3 Bb4 5. Qc2 Bb7 6. a3 Bxc3+ 7. Qxc3 O-O 8.
Bg5 d6 9. e3 Nbd7 10. Bd3 c5 11. O-O Qe7 12. Rfe1 e5 13. Bf5 Rae8 14. Rad1 Nb8
15. d5 h6 16. Bh4 g6 17. Bc2 Bc8 18. h3 g5 19. Bg3 Nh5 20. Bh2 f5 21. Nd2 Ng7
22. f4 gxf4 23. exf4 e4 24. Qg3 Nd7 25. Nf1 Kh7 26. Kh1 Qf6 27. Rb1 Rg8 28. Qe3
Nf8 29. b4 Ng6 30. bxc5 dxc5 31. Bd1 Re7 32. Bg3 Ne8 33. Re2 Nd6 34. Rc2 Ba6
35. Be2 Nf8 36. Be1 Nd7 37. a4 Qg6 38. g3 h5 39. h4 Nf6 40. Nh2 Reg7 41. a5 b5
42. cxb5 Nxd5 43. Qb3 Bb7 44. Rxc5 Nxf4 45. Qe3 Nxe2 46. Qxe2 e3+ 47. Rc6 Nxb5
48. Nf3 Qxc6 49. Kg2 Nd4 0-1

[Event "Ukrainian Championship Club's Teams"]
[Site "Alushta"]
[Date "2008.05.23"]
[Round "3.1"]
[White "Kamenets, Anatolij"]
[Black "Majboroda, Evgenija"]
[Result "1-0"]
[WhiteElo "2265"]
[BlackElo "2029"]
[PlyCount "33"]
[EventDate "2008.05.21"]

1. d4 f5 2. Nc3 d5 3. f3 Nf6 4. Bg5 c6 5. Qd2 Qb6 6. Na4 Qc7 7. Bf4 Qd8 8. Nh3
g6 9. O-O-O b6 10. Nc3 Bg7 11. e4 Nh5 12. exd5 cxd5 13. Bb5+ Bd7 14. Nxd5 Bxb5
15. Nc7+ Kf7 16. Ng5+ Kg8 17. Nxb5 1-0

[Event "Ukrainian Championship Club's Teams"]
[Site "Alushta"]
[Date "2008.05.23"]
[Round "3.2"]
[White "Vovk, Yuri"]
[Black "Jakimov, Vladimir"]
[Result "1/2-1/2"]
[WhiteElo "2549"]
[BlackElo "2434"]
[PlyCount "79"]
[EventDate "2008.05.21"]

1. e4 e5 2. Nf3 Nf6 3. Nxe5 d6 4. Nf3 Nxe4 5. d4 d5 6. Bd3 Be7 7. O-O Nc6 8. c4
Nb4 9. Be2 dxc4 10. Bxc4 O-O 11. Nc3 Nxc3 12. bxc3 Nd5 13. Qb3 Be6 14. a4 a6
15. Re1 Rb8 16. Re5 c6 17. a5 Bf6 18. Bg5 b5 19. axb6 Qxb6 20. Qxb6 Nxb6 21.
Bxe6 Bxe5 22. Bxf7+ Rxf7 23. Nxe5 Rc7 24. Rxa6 Nd5 25. h4 c5 26. dxc5 h6 27. c4
hxg5 28. cxd5 Rxc5 29. hxg5 Rxd5 $11 30. Re6 Rf8 31. g3 Rf5 32. Re8+ Rf8 33.
Re7 Rf5 34. f4 Rfxe5 35. fxe5 Kf8 36. Re6 Kf7 37. Ra6 Rxe5 38. g6+ Ke7 39. Kf2
Re6 40. Rxe6+ 1/2-1/2

[Event "Ukrainian Championship Club's Teams"]
[Site "Alushta"]
[Date "2008.05.23"]
[Round "3.3"]
[White "Baklan, Vladimir"]
[Black "Kononenko, Dmitry"]
[Result "1/2-1/2"]
[WhiteElo "2647"]
[BlackElo "2485"]
[PlyCount "105"]
[EventDate "2008.05.21"]

1. e4 c5 2. Nf3 Nc6 3. Bb5 d6 4. O-O Bd7 5. c3 a6 6. Ba4 Nf6 7. Re1 b5 8. Bc2
Bg4 9. a4 Rb8 10. axb5 axb5 11. d4 cxd4 12. cxd4 e5 13. Be3 exd4 14. Bxd4 Be7
15. Be3 O-O 16. Nbd2 d5 17. h3 Bxf3 18. Qxf3 dxe4 19. Nxe4 Nd4 20. Bxd4 Qxd4
21. Rad1 Qxb2 22. Re2 Qb4 23. Nxf6+ Bxf6 24. Qf5 Qh4 25. Rd6 Rbe8 $11 26. g3
Qh6 27. Rxe8 Rxe8 28. Qxb5 Rf8 29. Kg2 Qg5 30. Qd3 Qh5 31. Rd5 Qh6 32. Qf3 Qc1
33. Rc5 Qb2 34. Bb3 g6 35. g4 h6 36. Qb7 Qe2 37. Rc8 Qe7 38. Rc7 Qe8 39. Bd5
Kg7 40. Qb3 Qe5 41. Qb7 Qe8 42. Rd7 Bh4 43. Kf1 Bg5 44. Bc4 Bh4 45. Qd5 Bf6 46.
Rb7 Bh4 47. Kg2 Bf6 48. f4 Kh8 49. f5 Qe3 50. Rb3 Qe5 51. Qxe5 Bxe5 52. Rb7
gxf5 53. Bxf7 1/2-1/2

[Event "Ukrainian Championship Club's Teams"]
[Site "Alushta"]
[Date "2008.05.23"]
[Round "3.4"]
[White "Nechaev, Andrei"]
[Black "Pavlov, Maxim"]
[Result "1-0"]
[WhiteElo "2391"]
[BlackElo "2342"]
[PlyCount "83"]
[EventDate "2008.05.21"]

1. d4 d5 2. c4 c6 3. Nf3 Nf6 4. Nc3 e6 5. Bg5 dxc4 6. e4 b5 7. a4 Bb7 8. axb5
cxb5 9. e5 h6 10. Bd2 Ne4 11. Nxb5 Nxd2 12. Nxd2 a6 13. Nc3 Qxd4 14. Nxc4 Nc6
15. Qxd4 Nxd4 16. O-O-O O-O-O 17. Na5 Bb4 18. Nxb7 Kxb7 19. g3 Kb6 20. Bg2 Bxc3
21. bxc3 Nb5 22. Kb2 Rc8 23. Rd7 Rhd8 24. Rhd1 Rxd7 25. Rxd7 Nxc3 26. Rxf7 Na4+
27. Kb1 Kc5 28. Bb7 Rb8 29. Rxg7 a5 30. f4 Nc3+ 31. Kc2 Nb5 32. Be4 Nd4+ 33.
Kc1 a4 34. Rb7 Rxb7 35. Bxb7 a3 36. Kb1 Kb4 37. Ka2 Nb3 38. Bc8 Nd4 39. g4 Ne2
40. f5 Nc3+ 41. Ka1 exf5 42. gxf5 1-0

[Event "Ukrainian Championship Club's Teams"]
[Site "Alushta"]
[Date "2008.05.23"]
[Round "3.4"]
[White "Khadzh Khamed, Naser"]
[Black "Razin, Vadim"]
[Result "0-1"]
[WhiteElo "2000"]
[BlackElo "2270"]
[PlyCount "74"]
[EventDate "2008.05.21"]

1. e4 e6 2. c4 d5 3. exd5 exd5 4. cxd5 Nf6 5. Nc3 Nxd5 6. d4 Be7 7. Bd3 Nc6 8.
Nge2 Bg4 9. Qb3 Ndb4 10. Bb5 O-O 11. a3 a6 12. Bxc6 Nd3+ 13. Kf1 bxc6 14. Qc4
Nxc1 15. Rxc1 Bg5 16. f4 Qf6 17. Ke1 Bh6 18. g3 Rfe8 19. Rf1 Rad8 20. Kf2 Qe7
21. Kg1 Bxe2 22. Nxe2 Qxe2 23. Qxc6 Qe3+ 24. Kh1 Qe4+ 25. Qxe4 Rxe4 26. Rxc7
Rexd4 27. Rc6 R4d6 28. Rfc1 g6 29. b4 Bf8 30. Kg2 Rxc6 31. Rxc6 Rd2+ 32. Kh3
Ra2 33. Rxa6 Bxb4 34. a4 Bc5 35. g4 Bg1 36. a5 Bxh2 37. f5 Bf4 0-1

[Event "Ukrainian Championship Club's Teams"]
[Site "Alushta"]
[Date "2008.05.23"]
[Round "3.4"]
[White "Grigoriv, Mikhail"]
[Black "Sergeev, Vitalij"]
[Result "0-1"]
[WhiteElo "2339"]
[BlackElo "2111"]
[PlyCount "98"]
[EventDate "2008.05.21"]

1. e4 c5 2. Nc3 Nc6 3. g3 g6 4. Bg2 Bg7 5. d3 e6 6. f4 Nge7 7. Nf3 O-O 8. O-O
d5 9. Kh1 b6 10. a3 Bb7 11. Rb1 Rc8 12. Qe2 Nd4 13. Qf2 Qc7 14. Ne5 a6 15. Be3
f6 16. Nxg6 hxg6 17. Bxd4 cxd4 18. Qxd4 f5 19. e5 Qc5 20. Qa4 b5 21. Qb3 Nc6
22. Qa2 Nd4 23. Rf2 a5 24. Nd1 b4 25. Ra1 bxa3 26. bxa3 Ba6 27. c3 Nb5 28. Rc2
Rc7 29. a4 Na7 30. Rd2 Rb8 31. Bf1 Kf7 32. d4 Qc6 33. Bg2 Bf8 34. Ne3 Kg7 35.
g4 Bc4 36. Qc2 Bb3 37. Qb1 Qxc3 38. Rd3 Bc2 39. Qxc2 Qxc2 40. Nxc2 Rxc2 41.
gxf5 gxf5 42. Rg1 Kf7 43. Bf3 Rbb2 44. Bh5+ Ke7 45. Rh3 Nc6 46. Bd1 Rd2 47.
Rh7+ Kd8 48. Rh8 Kc7 49. Rh3 Nxd4 0-1

[Event "Ukrainian Championship Club's Teams"]
[Site "Alushta"]
[Date "2008.05.24"]
[Round "4.2"]
[White "Moiseenko, Alexander"]
[Black "Stoockalov, Vladimir L"]
[Result "0-1"]
[WhiteElo "2650"]
[BlackElo "2295"]
[PlyCount "67"]
[EventDate "2008.05.21"]

1. d4 Nf6 2. c4 g6 3. Nc3 Bg7 4. e4 d6 5. Bd3 O-O 6. Nge2 e5 7. d5 c6 8. O-O
cxd5 9. cxd5 Nh5 10. Be3 h6 11. Rc1 f5 12. exf5 gxf5 13. Ng3 Nf4 14. Bxf4 exf4
15. Nh5 Be5 16. Qf3 Qg5 17. Ne2 Na6 18. Bxa6 bxa6 19. Nexf4 Bd7 20. Ne6 Bxe6
21. dxe6 Rae8 22. Ng3 Kh8 23. Rc7 Rxe6 24. Rxa7 Rg6 25. Rxa6 Rfg8 26. Ra8 f4
27. Rxg8+ Rxg8 28. Ne4 Qg6 29. b4 Rc8 30. b5 Rc4 31. Nd2 Ra4 32. Qb3 Rd4 33.
Nf3 Rd3 34. Qb1 0-1

[Event "Ukrainian Championship Club's Teams"]
[Site "Alushta"]
[Date "2008.05.24"]
[Round "4.2"]
[White "Nosov, Maxim"]
[Black "Brodsky, Michail"]
[Result "0-1"]
[WhiteElo "2183"]
[BlackElo "2549"]
[PlyCount "86"]
[EventDate "2008.05.21"]

1. e4 c5 2. Nf3 d6 3. d4 cxd4 4. Nxd4 Nf6 5. Nc3 a6 6. Be3 e6 7. f3 b5 8. Qd2
b4 9. Nce2 e5 10. Nb3 Nc6 11. O-O-O a5 12. Kb1 a4 13. Nbc1 Be6 14. g4 h6 15. h4
d5 16. Ng3 d4 17. Bf2 Qb8 18. Bd3 b3 19. cxb3 axb3 20. a3 Nb4 21. g5 Nd7 22. f4
exf4 23. Nf5 Nc2 24. Nxd4 Bg4 25. Bb5 Nxd4 26. Bxd7+ Bxd7 27. Bxd4 hxg5 28.
hxg5 Rxh1 29. Rxh1 Bc6 30. Rh8 Bxe4+ 31. Ka1 Qd6 32. Nxb3 O-O-O 33. Qc3+ Qc6
34. Bxg7 Qxc3 35. Bxc3 f3 36. Rh1 Bd3 37. Nd2 f2 38. b4 Bd6 39. Rc1 Kb7 40. Nf1
Be2 41. Kb2 Bf4 42. Rc2 Rd1 43. Bd4 Rxf1 0-1

[Event "Ukrainian Championship Club's Teams"]
[Site "Alushta"]
[Date "2008.05.24"]
[Round "4.2"]
[White "Aveskulov, Valeriy"]
[Black "Tichonov, Jiri"]
[Result "1/2-1/2"]
[WhiteElo "2535"]
[BlackElo "2156"]
[PlyCount "148"]
[EventDate "2008.05.21"]

1. e4 e5 2. Nf3 Nc6 3. Bb5 a6 4. Ba4 d6 5. c3 Bd7 6. d4 g6 7. O-O Bg7 8. d5 Nb8
9. c4 Bxa4 10. Qxa4+ Nd7 11. b4 Ngf6 12. Nc3 O-O 13. Be3 Ng4 14. Bg5 f6 15. Bd2
Nh6 16. Qc2 Nf7 17. Rac1 Qe7 18. Rfe1 Bh6 19. Na4 Bxd2 20. Nxd2 a5 21. a3 axb4
22. axb4 b6 23. Nc3 Qd8 24. Ra1 Qc8 25. Ra4 c5 26. dxc6 Qxc6 27. Rea1 Kg7 28.
Qd3 Rxa4 29. Rxa4 Ra8 30. Qd5 Qxd5 31. cxd5 Rxa4 32. Nxa4 f5 33. f3 Kf6 34. Kf2
Ke7 35. Ke3 Kd8 36. Kd3 Kc7 37. Kc4 fxe4 38. Nxe4 h6 39. Nac3 Nb8 40. g4 g5 41.
Nb1 Nd7 42. Na3 Nf8 43. Kb5 Ng6 44. Ka6 Nf4 45. Nb5+ Kd7 46. Nbc3 Kc7 47. Nb5+
Kd7 48. Nbc3 Kc7 49. Nd2 Nd3 50. Kb5 Nf4 51. Nc4 Nd3 52. Nxb6 Nxb4 53. Na8+ Kb7
54. Kxb4 Kxa8 55. Kb5 Kb7 56. Ne4 Kc7 57. Ng3 Nd8 58. Nf5 Nf7 59. Ka6 Nh8 60.
Nxh6 Ng6 61. Nf7 Ne7 62. Nxg5 Nxd5 63. Kb5 Nf4 64. h4 Kd7 65. h5 Ke7 66. Ne4 d5
67. Nc3 Ke6 68. Kc5 Nd3+ 69. Kc6 Ne1 70. h6 Kf7 71. Kxd5 Nxf3 72. Ke4 Nh2 73.
h7 Kg7 74. g5 Kxh7 1/2-1/2

[Event "Ukrainian Championship Club's Teams"]
[Site "Alushta"]
[Date "2008.05.24"]
[Round "4.2"]
[White "Majboroda, Evgenija"]
[Black "Arzumanian, Georgy"]
[Result "0-1"]
[WhiteElo "2029"]
[BlackElo "2485"]
[PlyCount "64"]
[EventDate "2008.05.21"]

1. d4 d5 2. c4 e6 3. Nf3 c6 4. e3 Nf6 5. Nbd2 c5 6. b3 Nc6 7. Bb2 cxd4 8. Nxd4
Nxd4 9. Bxd4 Bb4 10. a3 Be7 11. Bd3 O-O 12. O-O b6 13. cxd5 Nxd5 14. Nf3 Bb7
15. Qd2 Nf6 16. Be2 Rc8 17. Qb2 Be4 18. Rfc1 Qd5 19. Ne1 Qa8 20. Bf3 Rfd8 21.
Rxc8 Rxc8 22. Rc1 Bxf3 23. Nxf3 Ne8 24. h3 f6 25. Qa1 Rd8 26. Rc2 Qd5 27. b4 e5
28. Bb2 Qd1+ 29. Qxd1 Rxd1+ 30. Kh2 Kf7 31. Nd2 Nd6 32. Kg3 Rxd2 0-1

[Event "Ukrainian Championship Club's Teams"]
[Site "Alushta"]
[Date "2008.05.24"]
[Round "4.3"]
[White "Kryvorychko, Yuriy"]
[Black "Karjakin, Sergey"]
[Result "0-1"]
[WhiteElo "2612"]
[BlackElo "2732"]
[PlyCount "84"]
[EventDate "2008.05.21"]

1. c4 e5 2. Nc3 Nf6 3. Nf3 Nc6 4. d4 exd4 5. Nxd4 Bb4 6. g3 O-O 7. Bg2 Bxc3+ 8.
bxc3 Ne5 9. Qb3 d6 10. O-O Nfd7 11. a4 Nc5 12. Qa2 a5 13. Nb3 Nxb3 14. Qxb3 Rb8
15. Bf4 Nd7 16. Qb5 b6 17. Bg5 f6 18. Be3 Kh8 19. f4 Re8 20. Bf2 Nc5 21. Bc6
Ba6 22. Qb2 Ne4 23. Qc2 Bb7 24. Bxe8 Qxe8 25. Qd3 Qh5 26. Bd4 Re8 27. Rab1 Nd2
28. Qxd2 Rxe2 29. Rf2 Rxd2 30. Rxd2 Qf3 31. Rf1 Qh1+ 32. Kf2 Qxh2+ 33. Ke1
Qxg3+ 34. Rff2 c5 35. Rde2 h5 36. Bxf6 Bc6 37. Be7 Qxc3+ 38. Kf1 Qc1+ 39. Re1
Qxc4+ 40. Kg1 Qc3 41. Rd1 Qg3+ 42. Kf1 Bxa4 0-1

[Event "Ukrainian Championship Club's Teams"]
[Site "Alushta"]
[Date "2008.05.24"]
[Round "4.3"]
[White "Kravtsiv, Martyn"]
[Black "Miroshnichenko, Evgenij"]
[Result "1/2-1/2"]
[WhiteElo "2533"]
[BlackElo "2642"]
[PlyCount "53"]
[EventDate "2008.05.21"]

1. e4 e5 2. Nf3 Nc6 3. Bb5 Nf6 4. O-O Nxe4 5. d4 Nd6 6. Bxc6 dxc6 7. dxe5 Nf5
8. Qxd8+ Kxd8 9. Nc3 Ne7 10. h3 Ng6 11. Ne4 Ke8 12. Re1 c5 13. b3 h6 14. Be3 b6
15. Rad1 Bb7 16. Bc1 Rd8 17. Nf6+ Ke7 18. Rxd8 Kxd8 19. Nh5 Bxf3 20. gxf3 Nh4
21. Rd1+ Kc8 22. f4 Be7 23. Kf1 g6 24. Ng3 h5 25. Ke2 Rd8 26. Rxd8+ Kxd8 27. c4
$11 1/2-1/2

[Event "Ukrainian Championship Club's Teams"]
[Site "Alushta"]
[Date "2008.05.24"]
[Round "4.4"]
[White "Shkuro, Iuri"]
[Black "Nechaev, Andrei"]
[Result "1/2-1/2"]
[WhiteElo "2415"]
[BlackElo "2391"]
[PlyCount "48"]
[EventDate "2008.05.21"]

1. Nc3 c5 2. e4 d6 3. f4 g6 4. Nf3 Bg7 5. Bc4 Nc6 6. O-O e6 7. d3 Nge7 8. a3
O-O 9. Ba2 Bd7 10. Kh1 Nd4 11. Nxd4 cxd4 12. Ne2 Ba4 13. Ng3 Rc8 14. Rf2 Rc5
15. b3 Bd7 16. b4 Rc8 17. Bb3 a5 18. bxa5 Nc6 19. f5 Nxa5 20. Ba2 Rc5 21. Bd2
Nc6 22. Bb3 Na5 23. Ba2 Nc6 24. Bb3 Na5 $11 1/2-1/2